Statistics for "Germany" and "German" in Different Languages

Click here to take the quiz!

General Stats

  • This quiz has been taken 143 times
  • The average score is 6 of 14

Answer Stats

LanguageGermany% Correct
GermanDeutschland
97%
GermanDeutsch
83%
FrenchAllemagne
73%
SpanishAlemania
49%
SpanishAlemán
43%
ItalianGermania
42%
FrenchAllemand
33%
SwedishTyskland
31%
PolishNiemcy
30%
ItalianTedesco
27%
SwedishTysk
24%
CroatianNjemačka
13%
CroatianNjemački
12%
PolishNiemiecki
11%

Score Distribution

Percentile by Number Answered

Percent of People with Each Score

Your Score History

You have not taken this quiz